40 years of progress in Kenya / (Record no. 15299)
[ view plain ]
| 000 -LEADER | |
|---|---|
| fixed length control field | 00667nam a22002052 4500 |
| 001 - CONTROL NUMBER | |
| control field | 0000024435 |
| 005 - DATE AND TIME OF LATEST TRANSACTION | |
| control field | 20151217161203.0 |
| 008 - FIXED-LENGTH DATA ELEMENTS--GENERAL INFORMATION | |
| fixed length control field | 131016s xx 000 0 eng d |
| 040 ## - CATALOGING SOURCE | |
| Original cataloging agency | KABU |
| Transcribing agency | KABU |
| 110 2# - MAIN ENTRY--CORPORATE NAME | |
| Corporate name or jurisdiction name as entry element | Institution of Engineers of Kenya. |
| -- | 0000184552 |
| 245 10 - TITLE STATEMENT | |
| Title | 40 years of progress in Kenya / |
| Statement of responsibility, etc. | IEK. |
| 250 ## - EDITION STATEMENT | |
| Edition statement | 1st ed. |
| 260 ## - PUBLICATION, DISTRIBUTION, ETC. (IMPRINT) | |
| Place of publication, distribution, etc. | Nairobi : |
| Name of publisher, distributor, etc. | Intercontinental Publishers, |
| Date of publication, distribution, etc. | 2012. |
| 300 ## - PHYSICAL DESCRIPTION | |
| Extent | 224 p. |
| 650 #0 - SUBJECT ADDED ENTRY--TOPICAL TERM | |
| Topical term or geographic name as entry element | Infrastructure (Economics) |
| Geographic subdivision | Kenya. |
| -- | 0000152898 |
| 651 #0 - SUBJECT ADDED ENTRY--GEOGRAPHIC NAME | |
| Geographic name | Kenya |
| General subdivision | Economic conditions |
| Chronological subdivision | 21st Century. |
| -- | 0000178103 |
| 852 1# - LOCATION | |
| -- | p1000 KES |
| 908 ## - PUT COMMAND PARAMETER (RLIN) | |
| Put command parameter | 131016 |
| 950 ## - LOCAL HOLDINGS (RLIN) | |
| -- | 1 |
| Withdrawn status | Lost status | Source of classification or shelving scheme | Not for loan | Home library | Current library | Date acquired | Total Checkouts | Full call number | Barcode | Date last seen | Price effective from | Koha item type |
|---|---|---|---|---|---|---|---|---|---|---|---|---|
| Library of Congress Classification | Not For Loan | Kabarak, Main Campus | Kabarak, Main Campus | 17/12/2015 | HC865 .Z9C3 2012 c. 1 | 016176 | 17/12/2015 | 17/12/2015 | Reference |